A-Level History - Tsarist Economy - Statistics

General Stats
  • This quiz has been taken 5 times
  • The average score is 7 of 63
Answer Stats
Hint Answer % Correct
How many basic industrial regions did Russia possess in 1914? 8
67%
By 1914, Russia was the fourth largest producer of? Coal, Pig Iron and Steel
67%
Who was Finance Minister from 1892-1903? Witte
67%
How much did grain exports increase, as a percentage of total exports, from 1881-1891? 18%
33%
When was the Peasant Land Bank established? 1883
33%
How many private farms had been established by 1916? 2m
33%
How large was the 1887 tariff on imported raw materials? 30%
33%
How much did agricultural output increase 1894-1914? 50%
33%
What percentage of peasants could not support themselves by 1900? 52%
33%
How many people were members of Rural Credit Cooperatives in 1914? 7m
33%
According to Gerschenkron, what was the economy's annual rate of growth in the 1890s? 8%
33%
Who was Finance Minister from 1881-1887? Bunge
33%
For how many years did emancipated serfs have to pay redemption payments? 49
33%
What happened to industrial output from 1894-1914? Doubled
33%
Which export made up the bulk of trade throughout this period? Grain
33%
Which type of industry was emphasised during industrialisation? Heavy
33%
What percentage of peasants achieved Kulak status? <1%
33%
By 1914, Russia had the second biggest ___ industry in the world? Oil
33%
Who was Finance Minister from 1887-1892? Vyshnegradsky
33%
How many times more coal was produced from 1855 to 1914? 1000x
0%
How many roubles of foreign investment did Russia receive in: 1880? 100m
0%
How much foreign trade did Germany have in 1914? £1,030m
0%
In 1860, Russia was ranked as the ______ largest world economy? 10th
0%
In 1910, Russia was ranked as the ______ largest world economy? 10th
0%
How many times more iron was smelted in 1913 vs 1860? 10x
0%
How many times fewer kilometres of railway did Russia have compared to Germany in 1914? 11x
0%
How many urban factory workers were there in: 1887? 1.3m
0%
By 1913, out of 5m applications for consolidation and hereditary tenure of individual farms, how many had been dealt with? 1.3m
0%
How many kilometres of railway were in Russia in 1860? 1,600
0%
What was the population of Russia in 1914? 175m
0%
How many people were members of Rural Credit Cooperatives in 1905? 181,000
0%
When was a State Bank established? 1860
0%
When did oil extraction begin in Baku? 1871
0%
When were ironworks established in Donetsk? 1872
0%
When was the Salt Tax abolished? 1881
0%
When was the Poll Tax abolished? 1886
0%
When was the Rouble backed by gold? 1897
0%
How much foreign trade did Russia have in 1914? £190m
0%
How much foreign trade did Austria-Hungary have in 1914? £199m
0%
...1890? 200m
0%
From 1903-1913, what percentage of state revenue came from industrialisation? 25%
0%
...1908? 2.6m
0%
What was Russia's per capita coal production in 1910? 300kg
0%
What was Germany's per capita coal production in 1910? 3,190kg
0%
What was the annualised growth rate from 1894-1914? 3.25%
0%
What percentage of government expenditure went towards repaying debts? 33%
0%
What percentage of peasants did not own a horse by 1901? 33%
0%
How many peasants emigrated to Siberia during the Stolypin Reforms? 3.5m
0%
What percentage of land in Voronezh province (during the Stolypin Reforms) was purchased by landless peasants? 37%
0%
How many tonnes of grain were produced in 1900? 56m
0%
What was the annual growth rate from 1862-1878? 6%
0%
In the mid-1890s, what percentage of the rail network was state-owned? 60%
0%
What percentage of government revenue came from indirect taxation? 66%
0%
How many kilometres of railway were in Russia in 1914? 70,000
0%
What was the population of Russia in 1855? 74m
0%
According to Lyashchenko, what was the net increase (percentage) in agricultural income from 1900-1913? 88.6%
0%
...1900? 900m
0%
How many tonnes of grain were produced in 1914? 90m
0%
By 1909, Russia was the world's leading ______ exporter Cereal
0%
By 1914, what percentage of farmland had been transferred from communal to private ownership? 10%
0%
What happened to state revenue 1908-1914 Doubled
0%
Which company did the Nobel brothers establish to extract coal and oil? Naphtha Extraction Company
0%
How many times more banks were there in 1908 compared to 1914? x2
0%
No matching quizzes found
Score Distribution
Percent of People with Each Score
Percentile by Number Answered
Your Score History
You have not taken this quiz